000
00318nam a22001337a 4500
008
181017b xxu||||| |||| 00| 0 eng d
020
_a
9780618000739
041
_a
eng
080
_2
2nd
_a
940
100
_a
16
101
_a
SHH
245
_a
The Earth and its People a Global History
_c
Bulliet,R.W
942
_2
udc
_c
BK
999
_c
50014
_d
50014